[Event "IND-ch U11 Girls 30th"]
[Site "India"]
[Date "2016.06.28"]
[Round "1"]
[White "Geethika, Mahalakshmi J"]
[Black "Varsha, Ramesh"]
[Result "0-1"]
[WhiteElo "1310"]
[BlackElo "1040"]
[PlyCount "130"]
[EventDate "2016.06.28"]
[EventType "swiss"]
[EventRounds "11"]
[EventCountry "IND"]
[SourceTitle "CBM 173 Extra"]
[Source "ChessBase"]
[SourceDate "2016.08.29"]
[SourceVersion "1"]
[SourceVersionDate "2016.08.29"]
[SourceQuality "1"]

1. d4 Nf6 2. c4 e6 3. Nc3 Bb4 4. e3 c5 5. Nf3 Nc6 6. Bd3 0-0 7. 0-0 cxd4 8. exd4 d5 9. Bg5 dxc4 10. Bxc4 h6 11. Bh4 b6 12. a3 Be7 13. Bg3 Bb7 14. Rc1 Nh5 15. b4 Nxg3 16. hxg3 Bf6 17. Ne2 Qd7 18. Qd3 Qd6 19. Rfd1 Rfd8 20. Bb5 Rd7 21. Bxc6 Bxc6 22. Nd2 Ba4 23. Ne4 Qe7 24. Nxf6+ Qxf6 25. Rd2 a6 26. Qe4 Rad8 27. Nc3 Bb3 28. Ne2 Ba4 29. Rc4 Bb5 30. Rc1 Ba4 31. Rb1 Bb5 32. Ra1 Bxe2 33. Qxe2 Rxd4 34. Rxd4 Qxd4 35. Rc1 b5 36. Rc6 Qa1+ 37. Kh2 Qxa3 38. Qe4 Qd3 39. Qe5 Rd5 40. Qe1 Qg6 41. Qe2 Qh5+ 42. Qxh5 Rxh5+ 43. Kg1 Rd5 44. Rc3 Rd1+ 45. Kh2 Rb1 46. Ra3 Rxb4 47. Rxa6 Rb2 48. f4 Rb1 49. Ra8+ Kh7 50. Ra7 Kg6 51. g4 b4 52. f5+ Kf6 53. fxe6 fxe6 54. Ra4 b3 55. Rb4 e5 56. Kg3 b2 57. Rb6+ Kg5 58. Rb5 Kf6 59. Rb6+ Ke7 60. Kf2 e4 61. Rb4 Kd6 62. Ke2 Kc5 63. Rb8 Rg1 64. Rc8+ Kd6 65. Rd8+ Kc7 0-1